[Event "Campos do Jordao op"]
[Site "Campos do Jordao"]
[Date "2024.01.13"]
[Round "2"]
[White "Alves, Ricardo Castagnari"]
[Black "Nunes, Agatha Hurba"]
[Result "0-1"]
[WhiteElo "1406"]
[BlackElo "1840"]
[PlyCount "98"]
[EventDate "2024.01.12"]
[EventType "swiss"]
[EventRounds "5"]
[EventCountry "BRA"]
[SourceTitle "CB04_2024"]
[SourceDate "2023.10.16"]
[SourceVersion "1"]
[SourceVersionDate "2023.10.16"]
[SourceQuality "1"]

1. e4 e6 2. d4 d5 3. exd5 exd5 4. Nf3 Bd6 5. Be2 Nf6 6. 0-0 0-0 7. h3 Bf5 8. Nc3 Nc6 9. Bg5 Be7 10. Bb5 Na5 11. Ne5 a6 12. Be2 Re8 13. Re1 h6 14. Bh4 Ne4 15. Bxe7 Rxe7 16. Nxe4 Bxe4 17. Qd2 c5 18. c3 c4 19. Bf3 Bxf3 20. Nxf3 Nc6 21. Rxe7 Qxe7 22. Re1 Qd6 23. Qc2 b5 24. Qf5 a5 25. b3 cxb3 26. axb3 a4 27. b4 Rd8 28. Qd3 Qb8 29. Kf1 Qb7 30. Nd2 Ne7 31. Nb1 Nc8 32. Na3 Nd6 33. Qf3 Ne4 34. Qd3 Rb8 35. f3 Nd6 36. Re5 Qc6 37. Re7 Rc8 38. Nb1 g6 39. Qd2 Nf5 40. Ra7 Kg7 41. g4 Nd6 42. h4 Qc4+ 43. Kg2 Re8 44. Kf2 Qb3 45. Qc1 Qa2+ 46. Kg3 Qe2 47. Rd7 Re3 48. Qh1 Ne4+ 49. Kf4 g5+ 0-1

[Event "Hebraica op 30th"]
[Site "Hebraica"]
[Date "2023.02.12"]
[Round "7"]
[White "Alves, Ricardo Castagnari"]
[Black "Re, Vinicius"]
[Result "1-0"]
[WhiteElo "1355"]
[BlackElo "1762"]
[PlyCount "55"]
[EventDate "2023.02.10"]
[EventType "swiss"]
[EventRounds "7"]
[EventCountry "BRA"]
[SourceTitle "CBM 212 Extra"]
[Source "ChessBase"]
[SourceDate "2023.03.31"]
[SourceVersion "1"]
[SourceVersionDate "2023.03.31"]
[SourceQuality "1"]

1. e4 e5 2. Nf3 Nc6 3. Bc4 Nf6 4. Ng5 d5 5. exd5 Na5 6. Bb5+ c6 7. dxc6 bxc6 8. Ba4 h6 9. Nf3 e4 10. Ne5 Qd6 11. d4 exd3 12. Nxd3 Qe6+ 13. Be3 Nc4 14. Nf4 Qe4 15. Qd3 Bf5 16. 0-0 Nxb2 17. Qxe4+ Bxe4 18. Bb3 Bd6 19. Nc3 Be5 20. Nfe2 Nd5 21. Nxe4 Nc4 22. Bxc4 Bxa1 23. Rxa1 0-0 24. Bc5 Rfe8 25. Nd6 Re5 26. f4 Nxf4 27. Nxf4 Rxc5 28. Bb3 1-0

[Event "BRA-ch Amateur U1600"]
[Site "Sao Paulo"]
[Date "2022.06.18"]
[Round "5"]
[White "Alves, Ricardo Castagnari"]
[Black "Roeder, Inacio Clacier"]
[Result "1/2-1/2"]
[WhiteElo "1430"]
[BlackElo "1738"]
[PlyCount "64"]
[EventDate "2022.06.16"]
[EventType "swiss"]
[EventRounds "7"]
[EventCountry "BRA"]
[SourceTitle "CBM 208 Extra"]
[Source "ChessBase"]
[SourceDate "2022.07.31"]
[SourceVersion "1"]
[SourceVersionDate "2022.07.31"]
[SourceQuality "1"]

1. e4 c5 2. Nf3 Nc6 3. Bb5 a6 4. Bxc6 bxc6 5. 0-0 e6 6. d4 cxd4 7. Nxd4 Bb7 8. Nc3 Nf6 9. Be3 e5 10. Nb3 Be7 11. Qd2 0-0 12. f4 Ng4 13. Rf3 Nxe3 14. Qxe3 exf4 15. Qxf4 Bg5 16. Qg4 Bc8 17. Qg3 f5 18. Qe1 Re8 19. Qe2 fxe4 20. Nxe4 d5 21. Rd1 Bg4 22. Qf2 Bxf3 23. gxf3 Bh4 24. Qg2 Qb6+ 25. Nf2 Re2 26. Rf1 Rae8 27. c3 Rxb2 28. Nd4 Re5 29. Kh1 Rg5 30. Qh3 Rxf2 31. Qe6+ Kf8 32. Qc8+ Kf7 1/2-1/2

[Event "BRA-ch Amateur U1600"]
[Site "Sao Paulo"]
[Date "2022.06.17"]
[Round "3"]
[White "Komatu, Felipe Karczewski"]
[Black "Alves, Ricardo Castagnari"]
[Result "1-0"]
[WhiteElo "1585"]
[BlackElo "1430"]
[PlyCount "60"]
[EventDate "2022.06.16"]
[EventType "swiss"]
[EventRounds "7"]
[EventCountry "BRA"]
[SourceTitle "CBM 208 Extra"]
[Source "ChessBase"]
[SourceDate "2022.07.31"]
[SourceVersion "1"]
[SourceVersionDate "2022.07.31"]
[SourceQuality "1"]

1. Nf3 d5 2. d4 Nc6 3. c4 e6 4. e3 b6 5. cxd5 exd5 6. Bb5 Bb7 7. Qa4 Nge7 8. 0-0 a6 9. Be2 b5 10. Qc2 g6 11. b3 Bg7 12. Bb2 0-0 13. Rc1 Re8 14. a4 bxa4 15. Rxa4 h6 16. Nbd2 Kh7 17. Rca1 Qc8 18. Ne1 Nf5 19. Ndf3 a5 20. Nd3 Re7 21. Bc3 Qe8 22. Bf1 Bf6 23. Bxa5 Nxa5 24. Rxa5 Rxa5 25. Rxa5 Nxe3 26. fxe3 Rxe3 27. Nde5 Bxe5 28. Nxe5 f6 29. Qxc7+ Kg8 30. Qxb7 Rxe5 1-0

[Event "Sao Paulo Hebraica op 28th"]
[Site "Sao Paulo"]
[Date "2022.01.16"]
[Round "5"]
[White "Alves, Ricardo Castagnari"]
[Black "Zaak Saraiva, Victor Romario Alve"]
[Result "0-1"]
[WhiteElo "1805"]
[BlackElo "1648"]
[PlyCount "51"]
[EventDate "2022.01.14"]
[EventType "swiss"]
[EventRounds "6"]
[EventCountry "BRA"]
[SourceTitle "CBM 206 Extra"]
[Source "ChessBase"]
[SourceDate "2022.03.31"]
[SourceVersion "1"]
[SourceVersionDate "2022.03.31"]
[SourceQuality "1"]

1. e4 c5 2. Nf3 e6 3. d4 cxd4 4. Nxd4 a6 5. Nc3 Qc7 6. Bd3 b5 7. a3 Bb7 8. 0-0 Nf6 9. Be3 Be7 10. f4 d6 11. Qe2 Nbd7 12. Rae1 0-0 13. g4 Nc5 14. g5 Nfxe4 15. Nxe4 Nxe4 16. Bf2 d5 17. Bxe4 dxe4 18. Qh5 Qxf4 19. Be3 Qe5 20. c3 h6 21. Bf4 Qd5 22. h4 Bc5 23. Re2 Bxd4+ 24. cxd4 e3 25. Bxe3 Rac8 26. gxh6 0-1

[Event "Sao Paulo Hebraica op 28th"]
[Site "Sao Paulo"]
[Date "2022.01.16"]
[Round "6"]
[White "Fernandini, Felipe Piacente"]
[Black "Alves, Ricardo Castagnari"]
[Result "1-0"]
[WhiteElo "1385"]
[BlackElo "1805"]
[PlyCount "52"]
[EventDate "2022.01.14"]
[EventType "swiss"]
[EventRounds "6"]
[EventCountry "BRA"]
[SourceTitle "CBM 206 Extra"]
[Source "ChessBase"]
[SourceDate "2022.03.31"]
[SourceVersion "1"]
[SourceVersionDate "2022.03.31"]
[SourceQuality "1"]

1. e4 e5 2. Nf3 Nc6 3. d4 exd4 4. Nxd4 Bc5 5. Be3 Nge7 6. Nxc6 Nxc6 7. Bxc5 d6 8. Be3 0-0 9. Bd3 f5 10. exf5 Bxf5 11. Bxf5 Rxf5 12. Nc3 d5 13. Ne2 Qf6 14. c3 Ne5 15. Qxd5+ Kh8 16. Qxb7 Rd8 17. 0-0 Ng4 18. Qe4 Ne5 19. Ng3 g6 20. Nxf5 gxf5 21. Qf4 Re8 22. Bd4 Kg8 23. Rfe1 Nd3 24. Rxe8+ Kf7 25. Qxc7+ Kxe8 26. Bxf6 Kf8 1-0

[Event "Sao Paulo Hebraica op 28th"]
[Site "Sao Paulo"]
[Date "2022.01.15"]
[Round "3"]
[White "Alves, Ricardo Castagnari"]
[Black "Mangini, Bruno Fernandes"]
[Result "1-0"]
[WhiteElo "1805"]
[BlackElo "1718"]
[PlyCount "107"]
[EventDate "2022.01.14"]
[EventType "swiss"]
[EventRounds "6"]
[EventCountry "BRA"]
[SourceTitle "CBM 206 Extra"]
[Source "ChessBase"]
[SourceDate "2022.03.31"]
[SourceVersion "1"]
[SourceVersionDate "2022.03.31"]
[SourceQuality "1"]

1. e4 c6 2. d4 d5 3. Nc3 dxe4 4. Nxe4 Bf5 5. Ng3 Bg6 6. h4 h6 7. Nf3 Nd7 8. h5 Bh7 9. Bd3 Bxd3 10. Qxd3 e6 11. Bd2 Ngf6 12. 0-0-0 Qc7 13. Ne4 0-0-0 14. g3 Nc5 15. Nxc5 Bxc5 16. c4 Bxd4 17. Nxd4 c5 18. Nb5 Rxd3 19. Nxc7 Ne4 20. Bf4 Nxf2 21. Rxd3 Nxd3+ 22. Kc2 Nxf4 23. Nb5 Ne2 24. Nd6+ Kc7 25. Nxf7 Rf8 26. Ne5 Rf5 27. Nd3 Nd4+ 28. Kd1 b6 29. g4 Rf3 30. Ne5 Rf2 31. Nd3 Rg2 32. Rf1 Rxg4 33. Rf7+ Kd6 34. Nf2 Rg1+ 35. Kd2 Rg2 36. Ke3 Nf5+ 37. Kf3 Nh4+ 38. Ke2 e5 39. Rxa7 Nf5 40. Kf3 Rg3+ 41. Ke2 Nd4+ 42. Ke1 Re3+ 43. Kf1 Re2 44. Rxg7 Rxb2 45. Rg6+ Ke7 46. Rxh6 Nf5 47. Rh7+ Kf8 48. Ne4 Ne3+ 49. Kg1 Nxc4 50. h6 Rb1+ 51. Kg2 Ne3+ 52. Kf3 Nf5 53. Kg4 Ne7 54. Ng5 1-0

[Event "Sao Paulo Hebraica op 28th"]
[Site "Sao Paulo"]
[Date "2022.01.15"]
[Round "4"]
[White "Theodoro, Milson"]
[Black "Alves, Ricardo Castagnari"]
[Result "1-0"]
[WhiteElo "1777"]
[BlackElo "1805"]
[PlyCount "47"]
[EventDate "2022.01.14"]
[EventType "swiss"]
[EventRounds "6"]
[EventCountry "BRA"]
[SourceTitle "CBM 206 Extra"]
[Source "ChessBase"]
[SourceDate "2022.03.31"]
[SourceVersion "1"]
[SourceVersionDate "2022.03.31"]
[SourceQuality "1"]

1. e4 e5 2. Nf3 Nc6 3. Bc4 Nf6 4. d3 d6 5. c3 Be7 6. 0-0 0-0 7. h3 h6 8. Re1 Bd7 9. Nbd2 Qc8 10. Nf1 Kh8 11. N3h2 Nh7 12. Ng3 Na5 13. Bb3 Nxb3 14. axb3 Bh4 15. Qh5 Bxg3 16. fxg3 f5 17. Rf1 Nf6 18. Qg6 d5 19. Bxh6 gxh6 20. Qxh6+ Nh7 21. Nf3 Rg8 22. Nxe5 Rg6 23. Nxg6+ Kg8 24. Ne7+ 1-0